00334pab a2200121 454500008004000000100002600040245004900066260000900115300001300124362001200137650001900149773004400168180718b1959 xxu||||| |||| 00| 0 eng d aFisher, Marguerite J. aAdministrative action against discrimination c1959 ap.39-47. aJan-Mar aDiscrimination aIndian Journal of Public Administration